000 00472pab a2200169 454500
008 180718b1988 xxu||||| |||| 00| 0 eng d
100 _aSharma, H.R.
245 _aExtent of income inequality and poverty in the tribal areas of Himachal Pradesh
260 _c1988
300 _a323-32
362 _aMay
650 _aPoverty - India - Himachal Pradesh
700 _aKamlesh Singh
700 _aT.V. Moorti
773 _aJournal of Rural Development
909 _a15909
999 _c15909
_d15909